000 00591nam a2200169Ia 4500
003 IN-BaIIA
008 211028s9999 xx 000 0 eng d
020 _a0-333-65573-7
040 _cIIA Library
080 _a058(100)
_bHUN
245 4 _aThe Statesman's year-book - a statistical, political and economic account of the states of the world for the year 1996-1
_cedited by B. Hunter
260 _aLondon
_bMacmillan
_c1996
300 _alix, 1698p
650 _aStatesman's Yearbook
_920848
700 _aHunter,B., ed.
_920849
942 _cBK
999 _c11989
_d11989